Español para extranjeros : Teoría y actividades 2
Uloženo v:
| Korporativní autor: | |
|---|---|
| Médium: | Kniha |
| Jazyk: | Undetermined |
| Vydáno: |
San José, Costa Rica
Instituto de Idiomas COSI
2006
|
| Vydání: | 2 |
| Témata: | |
| Tagy: |
Přidat tag
Žádné tagy, Buďte první, kdo vytvoří štítek k tomuto záznamu!
|
MARC
| LEADER | 00000nam a2200000Ia 4500 | ||
|---|---|---|---|
| 008 | 170316s9999 xx 000 0 und d | ||
| 090 | |a 415-E I-3e v.2 | ||
| 110 | |a Instituto de Idiomas COSI | ||
| 245 | |a Español para extranjeros : Teoría y actividades 2 | ||
| 250 | |a 2 | ||
| 260 | |a San José, Costa Rica | ||
| 260 | |b Instituto de Idiomas COSI | ||
| 260 | |c 2006 | ||
| 300 | |a 158 páginas | ||
| 650 | |a GRAMÁTICA ESPAÑOLA | ||
| 650 | |a ESPAÑOL PARA EXTRANJEROS | ||
| 650 | |a TEORÍA Y ACTIVIDADES | ||
| 650 | |a MÉTODOS | ||
| 650 | |a ESTRUCTURA LINGÜÍSTICA | ||
| 999 | |c 18894 |d 18894 | ||
| 040 | |a cru BVZT | ||
| 942 | |c 15 D |h 415-E I-3e v.2 |2 z | ||
